[Event "International Tournament "]
[Site "Paracin, Hotel "]
[Date "2017.07.12"]
[Round "7.28"]
[White "Marjanovic, Annamaria"]
[Black "Milosevic, Milos"]
[Result "1-0"]
[WhiteElo "2331"]
[BlackElo "2263"]
[PlyCount "185"]
[EventDate "2017.07.07"]

1. c4 e5 2. g3 Nf6 3. Bg2 c6 4. Nf3 e4 5. Nd4 d5 6. d3 Bc5 7. Nb3 Bb4+ 8. Bd2
Bxd2+ 9. Qxd2 O-O 10. cxd5 cxd5 11. Nc3 Qe7 12. O-O Nc6 13. Rfd1 Re8 14. dxe4
dxe4 15. Qd6 e3 16. f4 Bf5 17. Qxe7 Rxe7 18. Rd6 Rc8 19. Bxc6 bxc6 20. Nc5 h5
21. Rad1 h4 22. Rd8+ Rxd8 23. Rxd8+ Kh7 24. gxh4 Kg6 25. Kg2 Bc2 26. Kf3 Bf5
27. Rd4 Kh5 28. Kg3 Rc7 29. b3 Rc8 30. Nb7 Be6 31. Rd8 Rc7 32. Nd6 Kg6 33. Kf3
Re7 34. Rh8 Bg4+ 35. Kg3 Re6 36. h5+ Nxh5+ 37. Kxg4 Nf6+ 38. Kf3 Rxd6 39. Kxe3
Kf5 40. Kf3 Ke6 41. Ra8 Rd7 42. Rc8 Kd6 43. e4 Kc5 44. Na4+ Kb4 45. Rxc6 Rd3+
46. Ke2 Rh3 47. Rc4+ Ka3 48. Nc3 Kb2 49. Na4+ Kxa2 50. Nc5 Rxh2+ 51. Kf3 Kb2
52. Ra4 Rh3+ 53. Ke2 Rh5 54. b4 Kc3 55. Rxa7 Kxb4 56. Nd3+ Kc3 57. Nf2 Kd4 58.
Kf3 Rb5 59. Ra4+ Kc3 60. e5 Nd5 61. Ra7 Kd4 62. Rxf7 Nxf4 63. Kxf4 Rxe5 64.
Rxg7 Re6 65. Rd7+ Kc5 66. Ne4+ Kc6 67. Rd4 Rh6 68. Ke5 Rh5+ 69. Ke6 Rh6+ 70.
Nf6 Kc5 71. Rd1 Kc4 72. Ke5 Rh2 73. Rd4+ Kc5 74. Ne4+ Kc6 75. Rc4+ Kb6 76. Rc1
Rh5+ 77. Ke6 Rh4 78. Nf6 Kb5 79. Kd5 Rf4 80. Nd7 Rf5+ 81. Ne5 Rf4 82. Rc5+ Kb6
83. Nc4+ Kb7 84. Nd6+ Ka6 85. Kc6 Rb4 86. Rc1 Ka5 87. Kc5 Ra4 88. Rb1 Ka6 89.
Kc6 Ra2 90. Rb6+ Ka5 91. Nb7+ Ka4 92. Nc5+ Ka3 93. Rb3# 1-0

[Event "International Tournament "]
[Site "Paracin, Hotel "]
[Date "2017.07.12"]
[Round "7.29"]
[White "Vucinic, Gojko"]
[Black "Eric, Jovana"]
[Result "1-0"]
[WhiteElo "2415"]
[BlackElo "2262"]
[PlyCount "53"]
[EventDate "2017.07.07"]

1. e4 e6 2. d4 d5 3. Nc3 Nf6 4. e5 Nfd7 5. f4 c5 6. Nf3 Nc6 7. Be3 a6 8. Qd2
cxd4 9. Nxd4 Bc5 10. O-O-O O-O 11. Qf2 Bxd4 12. Bxd4 b5 13. Be3 Qa5 14. Kb1 b4
15. Ne2 Bb7 16. Ng3 Rfc8 17. Bd3 Qc7 18. Nh5 g6 19. Nf6+ Nxf6 20. exf6 e5 21.
Qh4 Qd6 22. fxe5 Qxe5 23. Bg5 Qd6 24. Bxg6 fxg6 25. f7+ Kg7 26. Qh6+ Kh8 27.
Rhf1 1-0

[Event "International Tournament "]
[Site "Paracin, Hotel "]
[Date "2017.07.12"]
[Round "7.30"]
[White "Jevtic, Sreten"]
[Black "Pantelic, Sasa"]
[Result "1/2-1/2"]
[WhiteElo "2196"]
[BlackElo "2358"]
[PlyCount "78"]
[EventDate "2017.07.07"]

1. c4 Nf6 2. Nf3 g6 3. g3 Bg7 4. Bg2 O-O 5. O-O Nc6 6. Nc3 d6 7. Rb1 a5 8. a3
e5 9. d3 Re8 10. Bg5 h6 11. Bxf6 Bxf6 12. b4 axb4 13. axb4 Nd4 14. Nxd4 exd4
15. Nd5 Bg7 16. b5 Ra2 17. Re1 Bg4 18. Bf3 Bxf3 19. exf3 Re6 20. Ra1 Rxa1 21.
Qxa1 c6 22. Rxe6 fxe6 23. Nf4 Qe8 24. bxc6 bxc6 25. Qe1 e5 26. Qe4 g5 27. Ne2
Qd7 28. g4 d5 29. cxd5 cxd5 30. Qg6 Qf7 31. Qxf7+ Kxf7 32. Ng3 Ke6 33. Kf1 Bf8
34. Ke2 Kd6 35. Kd2 Kc5 36. Kc2 Kb4 37. Nf5 Ka3 38. Ng3 Kb4 39. Nf5 Ka4 1/2-1/2

[Event "International Tournament "]
[Site "Paracin, Hotel "]
[Date "2017.07.12"]
[Round "7.32"]
[White "Tica, Sven"]
[Black "Budimir, Boris"]
[Result "1-0"]
[WhiteElo "2333"]
[BlackElo "2233"]
[PlyCount "121"]
[EventDate "2017.07.07"]

1. d4 d6 2. g3 g6 3. Bg2 Bg7 4. Nf3 Nf6 5. O-O O-O 6. c4 c5 7. d5 b5 8. cxb5 a6
9. b6 Qxb6 10. Nc3 Nbd7 11. e4 Qc7 12. h3 Rb8 13. Qc2 Nb6 14. Rb1 h6 15. Rd1
Rd8 16. b3 Bd7 17. Be3 Qc8 18. Kh2 Rb7 19. Rbc1 Kh7 20. e5 Bf5 21. Qe2 Ne4 22.
Nxe4 Bxe4 23. exd6 exd6 24. Ng5+ hxg5 25. Bxe4 Re8 26. Bd3 Qa8 27. Qh5+ Kg8 28.
Qxg5 Re5 29. Qg4 Nxd5 30. Bd2 Rbe7 31. Qf3 Qa7 32. Re1 Rxe1 33. Bxe1 Nc7 34.
Qc6 c4 35. Be4 cxb3 36. axb3 Nb5 37. Kg2 Nd4 38. Qc8+ Kh7 39. Bd5 Qb6 40. Qg4
Nf5 41. Bd2 Re5 42. Qc4 Qb5 43. Bxf7 Qxc4 44. Bxc4 a5 45. Ra1 d5 46. Bd3 Nd4
47. Bc3 Nxb3 48. Ra3 d4 49. Bb2 Nc5 50. Bc4 Rf5 51. Rxa5 d3 52. Ra7 d2 53. Be2
Ne6 54. Rd7 Kh6 55. Bxg7+ Nxg7 56. Rxd2 Rf6 57. Bg4 g5 58. Rd8 Kg6 59. Rh8 Rb6
60. h4 gxh4 61. Rxh4 1-0

[Event "International Tournament "]
[Site "Paracin, Hotel "]
[Date "2017.07.12"]
[Round "7.33"]
[White "Burovic, Rijad"]
[Black "Yordanov, Lachezar"]
[Result "1/2-1/2"]
[WhiteElo "2316"]
[BlackElo "2246"]
[PlyCount "56"]
[EventDate "2017.07.07"]

1. e4 c5 2. d3 e6 3. g3 d5 4. Nd2 Nc6 5. Bg2 Nf6 6. Ngf3 Be7 7. O-O b6 8. Re1
Bb7 9. Qe2 Qc7 10. Nf1 dxe4 11. dxe4 h6 12. c3 O-O 13. e5 Nd7 14. h4 a6 15. c4
Rfd8 16. b3 b5 17. N1d2 Nb4 18. Rf1 Nb6 19. Ne1 Bxg2 20. Kxg2 bxc4 21. Nxc4
Nxc4 22. bxc4 Rab8 23. Bb2 Qb7+ 24. Nf3 Nc6 25. Bc3 Nd4 26. Bxd4 cxd4 27. Qd3
Rbc8 28. Rab1 Qc6 1/2-1/2

[Event "International Tournament "]
[Site "Paracin, Hotel "]
[Date "2017.07.12"]
[Round "7.34"]
[White "Maksimovic, Bojan"]
[Black "Dimitrijevic, Nenad"]
[Result "1-0"]
[WhiteElo "2312"]
[BlackElo "2201"]
[PlyCount "137"]
[EventDate "2017.07.07"]

1. e4 e6 2. d4 d5 3. Nc3 dxe4 4. Nxe4 Nd7 5. Nf3 Ngf6 6. Nxf6+ Nxf6 7. Bd3 c5
8. Be3 Nd5 9. O-O Be7 10. dxc5 Nxe3 11. Bb5+ Bd7 12. Bxd7+ Qxd7 13. Qxd7+ Kxd7
14. fxe3 Bxc5 15. Ne5+ Ke8 16. Nxf7 Ke7 17. Nxh8 Bxe3+ 18. Kh1 Rxh8 19. g3 Bd4
20. c3 Bf6 21. Kg2 h5 22. Rad1 h4 23. Rf4 hxg3 24. hxg3 Rc8 25. Re4 Rc6 26. Kf3
Rc5 27. g4 a5 28. Rde1 Rc6 29. a4 Rb6 30. R1e2 Rc6 31. Kf4 g5+ 32. Ke3 Rd6 33.
Rd2 Rc6 34. Kd3 Rc5 35. Rc4 Rd5+ 36. Kc2 Kd6 37. Rxd5+ Kxd5 38. Kd3 Be5 39. b4
b6 40. b5 Bh2 41. Rc6 Bg1 42. Rc4 Ke5 43. Re4+ Kd5 44. Re1 Bc5 45. c4+ Kd6 46.
Ke4 Ba3 47. Rh1 Bb2 48. Rh7 Bf6 49. Rb7 Bd8 50. Rb8 Kd7 51. Rxd8+ Kxd8 52. Kd4
Kd7 53. c5 bxc5+ 54. Kxc5 Kc7 55. Kd4 Kd6 56. Ke4 e5 57. b6 Kc6 58. Kxe5 Kxb6
59. Kf5 Kc5 60. Kxg5 Kb4 61. Kf4 Kxa4 62. g5 Kb3 63. g6 a4 64. g7 a3 65. g8=Q+
Kb2 66. Qg2+ Kb1 67. Qe4+ Ka1 68. Qc2 a2 69. Qc1# 1-0

[Event "International Tournament "]
[Site "Paracin, Hotel "]
[Date "2017.07.12"]
[Round "7.35"]
[White "Rajkovic, Mladen"]
[Black "Kuzmanovic, Slobodan"]
[Result "1-0"]
[WhiteElo "2305"]
[BlackElo "2144"]
[PlyCount "83"]
[EventDate "2017.07.07"]

1. e4 e5 2. Nf3 Nc6 3. Bb5 a6 4. Ba4 Nf6 5. O-O Be7 6. Re1 b5 7. Bb3 d6 8. c3
O-O 9. h3 Na5 10. Bc2 c5 11. d4 Nd7 12. Nbd2 exd4 13. cxd4 Nc6 14. d5 Nce5 15.
a4 b4 16. Nxe5 Nxe5 17. f4 Ng6 18. Nc4 a5 19. Qd3 f5 20. e5 Bb7 21. b3 Qc7 22.
g4 dxe5 23. gxf5 Bh4 24. fxg6 Bxe1 25. gxh7+ Kh8 26. Nxe5 Rf6 27. Bb2 Bc3 28.
Bxc3 bxc3 29. d6 Qb6 30. Qb5 Qxb5 31. axb5 g6 32. Bxg6 Rxg6+ 33. Nxg6+ Kxh7 34.
Ne5 Be4 35. d7 Bf5 36. b6 c2 37. b7 Rd8 38. Rc1 Be4 39. Kf2 Kg7 40. Ke2 Bxb7
41. Rxc2 Bd5 42. Rxc5 1-0

[Event "International Tournament "]
[Site "Paracin, Hotel "]
[Date "2017.07.12"]
[Round "7.36"]
[White "Krstic, Milos"]
[Black "Ivic, Matija"]
[Result "0-1"]
[WhiteElo "2090"]
[BlackElo "2297"]
[PlyCount "78"]
[EventDate "2017.07.07"]

1. e4 c5 2. Nf3 g6 3. d4 cxd4 4. Nxd4 Nf6 5. Bd3 Bg7 6. O-O d6 7. h3 O-O 8. c4
Nc6 9. Nc2 Ne5 10. Nc3 Nxd3 11. Qxd3 b6 12. b3 Bb7 13. Be3 Nd7 14. Nd4 Rc8 15.
Rac1 a6 16. Rfd1 Nc5 17. Qe2 e6 18. f3 Qe7 19. Bf2 Rfd8 20. b4 Nd7 21. Nb3 Rc6
22. Na4 Bh6 23. Be3 Bxe3+ 24. Qxe3 Rdc8 25. b5 Rxc4 26. Rxc4 Rxc4 27. Nxb6 Rc2
28. Nxd7 Qxd7 29. Qd3 Rxa2 30. bxa6 Bxa6 31. Qxd6 Qb5 32. Qd8+ Kg7 33. Nd4 Qc5
34. Kh1 Qe5 35. Qh4 Bd3 36. Nc6 Qc7 37. Nd8 Ra8 38. Nc6 Bc2 39. Rd8 Ra1+ 0-1

[Event "International Tournament "]
[Site "Paracin, Hotel "]
[Date "2017.07.12"]
[Round "7.37"]
[White "Arda, Cagil Irmak"]
[Black "Can, Isik"]
[Result "0-1"]
[WhiteElo "2080"]
[BlackElo "2287"]
[PlyCount "84"]
[EventDate "2017.07.07"]

1. e4 c6 2. d4 d5 3. exd5 cxd5 4. Bd3 Nc6 5. c3 g6 6. Bf4 Nf6 7. h3 Bg7 8. Nf3
O-O 9. O-O b6 10. Nbd2 Bb7 11. Re1 Rc8 12. Qe2 Re8 13. Ne5 Nh5 14. Bh2 Bh6 15.
Ng4 Bg7 16. Ne5 Bh6 17. Ng4 Bf4 18. g3 Bb8 19. Nf3 Qd6 20. Nfe5 Nxe5 21. dxe5
Qe6 22. Nh6+ Kg7 23. Nf5+ Kh8 24. Nd4 Qxh3 25. Qd2 Ng7 26. Bf1 Qh5 27. Be2 Qxe5
28. Bg4 Qf6 29. Bxc8 Bxc8 30. Qe2 e5 31. Nc2 Qd6 32. Qd3 f5 33. Rad1 Bb7 34.
Nb4 Rd8 35. Na6 e4 36. Qe2 Bxa6 37. Qxa6 Ne6 38. Kh1 Ng5 39. Qb5 Kg7 40. f4
exf3 41. Qd3 Qf6 42. Rf1 h5 0-1

[Event "International Tournament "]
[Site "Paracin, Hotel "]
[Date "2017.07.12"]
[Round "7.38"]
[White "Gajcin, Marina"]
[Black "Sukovic, Andrej"]
[Result "1-0"]
[WhiteElo "2282"]
[BlackElo "2150"]
[PlyCount "85"]
[EventDate "2017.07.07"]

1. e4 c5 2. Nf3 d6 3. d4 cxd4 4. Nxd4 Nf6 5. Nc3 a6 6. Bg5 Nbd7 7. Bc4 Qb6 8.
Bb3 e6 9. Qd2 Be7 10. O-O-O Nc5 11. f3 Bd7 12. Kb1 Rc8 13. Nde2 Qc7 14. Bf4 b5
15. Bxd6 Bxd6 16. Qxd6 b4 17. Qxc7 Rxc7 18. e5 Ng8 19. Ne4 Nxe4 20. fxe4 Ne7
21. Rd6 O-O 22. Nd4 Ra8 23. Rd1 Be8 24. Nxe6 Rcc8 25. Nf4 Rab8 26. e6 a5 27.
exf7+ Bxf7 28. Bxf7+ Kxf7 29. e5 Rb5 30. e6+ Kf6 31. Nd5+ Nxd5 32. R1xd5 Rxd5
33. Rxd5 Ra8 34. Rd6 Ke7 35. Rd7+ Kxe6 36. Rxg7 a4 37. a3 Rf8 38. axb4 Rf1+ 39.
Ka2 Rf2 40. c3 Kd5 41. Rxh7 Kc4 42. Rh4+ Kd3 43. b5 1-0

[Event "International Tournament "]
[Site "Paracin, Hotel "]
[Date "2017.07.12"]
[Round "7.39"]
[White "Karaahmetoglu, Ege"]
[Black "Taylor, Adam C"]
[Result "1/2-1/2"]
[WhiteElo "2034"]
[BlackElo "2265"]
[PlyCount "44"]
[EventDate "2017.07.07"]

1. e4 e5 2. Nf3 Nc6 3. Bb5 Nge7 4. c3 a6 5. Ba4 g6 6. d4 exd4 7. cxd4 b5 8. Bb3
Bg7 9. Nc3 O-O 10. O-O d6 11. h3 Na5 12. Bc2 c5 13. b3 Qc7 14. Ne2 Nec6 15. Bb2
Nb4 16. a3 Nxc2 17. Qxc2 Re8 18. Ng3 Ra7 19. d5 Bxb2 20. Qxb2 c4 21. b4 Nb3 22.
Rae1 Qd8 1/2-1/2

[Event "International Tournament "]
[Site "Paracin, Hotel "]
[Date "2017.07.12"]
[Round "7.40"]
[White "Marholev, Dimitar"]
[Black "Martic, Ivan"]
[Result "1-0"]
[WhiteElo "2177"]
[BlackElo "2356"]
[PlyCount "95"]
[EventDate "2017.07.07"]

1. Nf3 Nf6 2. c4 c5 3. g3 b6 4. Bg2 Bb7 5. O-O e6 6. Nc3 d6 7. Re1 a6 8. e4 Be7
9. d4 cxd4 10. Nxd4 Qc7 11. Be3 Nbd7 12. Rc1 O-O 13. f4 Rac8 14. g4 g6 15. g5
Nh5 16. f5 e5 17. Nd5 Qd8 18. Nxe7+ Qxe7 19. f6 Qe8 20. Nf5 gxf5 21. Qxh5 Kh8
22. exf5 Bxg2 23. Kxg2 Rg8 24. Kf2 b5 25. cxb5 Rxc1 26. Rxc1 axb5 27. Rd1 e4
28. Bd4 Ne5 29. Ke3 Qc8 30. g6 fxg6 31. fxg6 Rxg6 32. Bxe5 dxe5 33. Qxe5 Qh3+
34. Kd4 Qd7+ 35. Kc5 Qa7+ 36. Kxb5 Qb7+ 37. Ka5 Qa7+ 38. Kb4 Qb6+ 39. Kc3 Qc6+
40. Kb3 Qb6+ 41. Kc2 Qc6+ 42. Kb1 Rxf6 43. Rf1 Kg7 44. Qxf6+ Qxf6 45. Rxf6 Kxf6
46. Kc2 Ke5 47. Kd2 Kd4 48. a4 1-0

[Event "International Tournament "]
[Site "Paracin, Hotel "]
[Date "2017.07.12"]
[Round "7.41"]
[White "Jovanovic, Sasa T"]
[Black "Tosic, Srecko"]
[Result "0-1"]
[WhiteElo "2193"]
[BlackElo "2326"]
[PlyCount "50"]
[EventDate "2017.07.07"]

1. d4 d5 2. c4 e6 3. Nc3 c6 4. e3 Bd6 5. Nf3 f5 6. Ne5 Nf6 7. f4 O-O 8. Be2
Nbd7 9. c5 Bxe5 10. fxe5 Ne4 11. Nxe4 fxe4 12. Bd2 Qh4+ 13. g3 Qh3 14. Bf1 Qf5
15. Qe2 b6 16. b4 bxc5 17. bxc5 Rb8 18. g4 Qf7 19. O-O-O Qe7 20. Bc3 Nxc5 21.
dxc5 Qxc5 22. Qc2 Qxe3+ 23. Rd2 c5 24. Bg2 Ba6 25. Kd1 Bd3 0-1

[Event "International Tournament "]
[Site "Paracin, Hotel "]
[Date "2017.07.12"]
[Round "7.42"]
[White "Budisavljevic, Luka"]
[Black "Banzea, Alexandru-Bogdan"]
[Result "1/2-1/2"]
[WhiteElo "2196"]
[BlackElo "2300"]
[PlyCount "137"]
[EventDate "2017.07.07"]

1. d4 Nf6 2. c4 e6 3. Nc3 d5 4. cxd5 exd5 5. Bg5 Be7 6. e3 c6 7. Bd3 Nbd7 8.
Qc2 Nh5 9. Bxe7 Qxe7 10. Nge2 Nb6 11. O-O-O g6 12. Kb1 Ng7 13. Ng3 Be6 14. Rc1
h5 15. h4 O-O-O 16. Na4 Nxa4 17. Qxa4 Kb8 18. Rc3 Rc8 19. Rhc1 Rc7 20. Ra3 b6
21. Rxc6 Rxc6 22. Qxc6 Rc8 23. Qa4 Rc7 24. Rc3 Rxc3 25. bxc3 Qxh4 26. Qc6 Qe7
27. e4 h4 28. Ne2 Qc7 29. exd5 Qxc6 30. dxc6 Bd5 31. f3 Bxc6 32. Kc2 g5 33. Kd2
f5 34. Ke3 Kc7 35. c4 Kd6 36. Kf2 Ke7 37. Ng1 Kf6 38. g4 hxg3+ 39. Kxg3 Nh5+
40. Kf2 Nf4 41. Bf1 a6 42. Ne2 Nxe2 43. Bxe2 b5 44. cxb5 Bxb5 45. Bd1 Bc4 46.
a3 Ke6 47. Bc2 a5 48. Kg2 Bd5 49. Kf2 f4 50. Bd3 Kd6 51. Ke2 Be6 52. Be4 Bc4+
53. Kd2 Bb5 54. Kc3 Bf1 55. Bd3 Bg2 56. Be2 Bh3 57. Kc4 Bd7 58. Kc3 Bc6 59. Kc4
Bd7 60. Kc3 Bc8 61. Kd2 Bb7 62. Kc3 Bd5 63. Kd2 Ke6 64. Bd1 Kf6 65. Be2 Ke6 66.
Kd3 Kd6 67. Kc3 Kc6 68. Kd2 Kd6 69. Kc3 1/2-1/2

[Event "International Tournament "]
[Site "Paracin, Hotel "]
[Date "2017.07.12"]
[Round "7.43"]
[White "Dogan, Mire Deniz"]
[Black "Trifunovic, Miroljub"]
[Result "1/2-1/2"]
[WhiteElo "2075"]
[BlackElo "2269"]
[PlyCount "104"]
[EventDate "2017.07.07"]

1. d4 Nf6 2. c4 e6 3. Nf3 d5 4. Qc2 Be7 5. g3 O-O 6. Bg2 dxc4 7. Qxc4 a6 8. h4
b5 9. Qc2 Bb7 10. Bf4 Nc6 11. Be5 Nb4 12. Qc1 Be4 13. Na3 Rc8 14. O-O c5 15.
Qd2 Qd5 16. Rfd1 Nc6 17. Qf4 cxd4 18. Bxd4 Nxd4 19. Rxd4 Qb7 20. Rad1 Rc5 21.
b4 Rf5 22. Qe3 e5 23. Rxe4 Qxe4 24. Bh3 Rxf3 25. exf3 Qxe3 26. fxe3 Bxb4 27.
Nc2 Be7 28. Kf2 g6 29. Ke2 Rb8 30. g4 h6 31. g5 hxg5 32. hxg5 Ne8 33. Rd5 Bxg5
34. Rxe5 Bf6 35. Rc5 Kf8 36. Rc8 Rxc8 37. Bxc8 Nc7 38. Nb4 a5 39. Nc6 a4 40.
Bd7 a3 41. e4 Be7 42. Nd4 b4 43. Kd3 Bf6 44. Ba4 Ke7 45. Bb3 Bh4 46. Nc6+ Kd6
47. Nxb4 f5 48. exf5 gxf5 49. Nc2 Ke5 50. Nxa3 Be7 51. Nc4+ Kf4 52. Ne3 Bc5
1/2-1/2

[Event "International Tournament "]
[Site "Paracin, Hotel "]
[Date "2017.07.12"]
[Round "7.44"]
[White "Popovic, Djordje D"]
[Black "Raykov, Stefan"]
[Result "1/2-1/2"]
[WhiteElo "2258"]
[BlackElo "2103"]
[PlyCount "99"]
[EventDate "2017.07.07"]

1. c4 c5 2. g3 Nc6 3. Bg2 g6 4. Nc3 Bg7 5. e3 b6 6. Nge2 Bb7 7. O-O Nf6 8. d3
O-O 9. Rb1 e6 10. e4 d6 11. h3 Qd7 12. f4 Rad8 13. g4 Ne7 14. Qe1 Ne8 15. f5
exf5 16. gxf5 gxf5 17. Bg5 f6 18. Bd2 fxe4 19. dxe4 Nc7 20. Ng3 Rde8 21. Qd1 f5
22. Qh5 fxe4 23. Ncxe4 Ne6 24. Qg4 Kh8 25. Kh2 Ng6 26. Bc3 Ne5 27. Qh4 Qe7 28.
Qxe7 Rxe7 29. Nf5 Rd7 30. Nexd6 Bxg2 31. Kxg2 Nd4 32. Kh1 Nxf5 33. Nxf5 Rdf7
34. Nxg7 Rxf1+ 35. Rxf1 Rxf1+ 36. Kg2 Rf7 37. Bxe5 Rxg7+ 38. Kf3 Kg8 39. Bxg7
Kxg7 40. Kg4 Kg6 41. b3 h6 42. a3 a6 43. h4 b5 44. h5+ Kf6 45. Kf4 Ke6 46. cxb5
axb5 47. Ke4 Kd6 48. a4 c4 49. axb5 cxb3 50. Kd3 1/2-1/2

[Event "International Tournament "]
[Site "Paracin, Hotel "]
[Date "2017.07.12"]
[Round "7.45"]
[White "Grujic, Nebojsa"]
[Black "Zarkovic, Mila"]
[Result "1/2-1/2"]
[WhiteElo "2152"]
[BlackElo "2255"]
[PlyCount "64"]
[EventDate "2017.07.07"]

1. d4 Nf6 2. Nf3 e6 3. Bf4 d5 4. e3 c5 5. c3 Nc6 6. Nbd2 Bd6 7. Bg3 O-O 8. Bd3
b6 9. O-O Bxg3 10. hxg3 Bb7 11. Ne5 Nxe5 12. dxe5 Nd7 13. f4 g6 14. Nf3 Bc6 15.
Qe2 Qe7 16. Rae1 Rab8 17. Kf2 f6 18. exf6 Rxf6 19. e4 c4 20. Bc2 Qc5+ 21. Qe3
dxe4 22. Nd2 Ne5 23. Kg1 Nd3 24. Qxc5 bxc5 25. Nxe4 Bxe4 26. Rxe4 Rxb2 27. Bb1
Nf2 28. Rxc4 Ng4 29. Re1 e5 30. fxe5 Nxe5 31. Rxc5 Rff2 32. Rcxe5 Rxg2+ 1/2-1/2

[Event "International Tournament "]
[Site "Paracin, Hotel "]
[Date "2017.07.12"]
[Round "7.46"]
[White "Pecurica, Milos"]
[Black "Aleksic, Neven"]
[Result "1-0"]
[WhiteElo "2255"]
[BlackElo "2097"]
[Annotator "Balkanchess"]
[PlyCount "65"]
[EventDate "2017.07.07"]

1. Nf3 Nf6 2. d4 e6 3. Bg5 c5 4. e3 d5 5. c3 Nc6 6. Nbd2 Be7 7. Bd3 Nd7 8. Bf4
c4 9. Bc2 f5 10. h3 O-O 11. g4 Nf6 12. Ne5 Nxe5 13. Bxe5 Ne4 14. gxf5 exf5 15.
Rg1 Rf7 16. Qh5 Nxd2 17. Kxd2 Bf6 18. f4 Bxe5 19. fxe5 Be6 20. Raf1 Qd7 21. Rf4
g6 22. Qh6 Rg7 23. h4 Kh8 24. h5 Qf7 25. e4 dxe4 26. Bxe4 g5 27. Rxg5 Rxg5 28.
Qxg5 Rg8 29. Qh4 Rg4 30. Rxg4 fxg4 31. Qf6+ Kg8 32. Qxf7+ Bxf7 33. h6 1-0

[Event "International Tournament "]
[Site "Paracin, Hotel "]
[Date "2017.07.12"]
[Round "7.47"]
[White "Cvetkovic, Nemanja"]
[Black "Bojicic, Andjela"]
[Result "1-0"]
[WhiteElo "2244"]
[BlackElo "2072"]
[PlyCount "103"]
[EventDate "2017.07.07"]

1. d4 g6 2. c4 Bg7 3. Nc3 Nf6 4. e4 d6 5. Nge2 O-O 6. Ng3 h5 7. Bg5 Nh7 8. Be3
e5 9. d5 h4 10. Nge2 a5 11. c5 Bd7 12. cxd6 cxd6 13. Na4 Bxa4 14. Qxa4 Ng5 15.
Nc3 h3 16. O-O-O Na6 17. Qb5 Rc8 18. f3 Nc5 19. Kb1 Re8 20. Rc1 Bh6 21. gxh3
Kh7 22. Qe2 Qd7 23. Qg2 Qe7 24. Nb5 f6 25. Rg1 Rg8 26. h4 Nf7 27. Bxh6 Nxh6 28.
Qd2 Qd8 29. Bh3 Rb8 30. Rg2 Qb6 31. Na3 Qc7 32. Nb5 Qb6 33. Qe2 Rg7 34. Qf1 a4
35. Rgc2 Na6 36. Qc4 Ra8 37. Bf1 a3 38. Nxa3 Nb4 39. Rc3 Na6 40. Qb3 Qa7 41.
Qa4 Qb6 42. Nc4 Qd8 43. Qa5 Nc7 44. Qb6 Ra6 45. Qxb7 Ra8 46. Qc6 Ra6 47. Nb6
Ra7 48. Rb3 Na6 49. Qc8 Qe7 50. Bxa6 Rg8 51. Qc4 Rb8 52. Nc8 1-0

[Event "International Tournament "]
[Site "Paracin, Hotel "]
[Date "2017.07.12"]
[Round "7.48"]
[White "Uzumcu, Ahmet Utku"]
[Black "Vassilev, Martin"]
[Result "1-0"]
[WhiteElo "2223"]
[BlackElo "2040"]
[PlyCount "186"]
[EventDate "2017.07.07"]

1. e4 e5 2. Nf3 d6 3. Bc4 Be7 4. d3 Nf6 5. O-O O-O 6. a4 Nbd7 7. c3 c6 8. Re1
Qc7 9. Na3 d5 10. Bb3 dxe4 11. dxe4 b6 12. Bc2 Ba6 13. b4 Rfd8 14. Nd2 h6 15.
Qf3 Nf8 16. Ndc4 Ng6 17. Be3 Bc8 18. h3 Be6 19. Rad1 Ne8 20. Qe2 Bg5 21. a5 b5
22. Nb2 Bxe3 23. Qxe3 Qe7 24. Nd3 Nc7 25. Qc5 Qg5 26. Qe3 Nf4 27. Nxf4 exf4 28.
Qf3 Qe5 29. Nb1 f6 30. Nd2 Bf7 31. Bb3 Ne6 32. Nf1 Ng5 33. Bxf7+ Kxf7 34. Qg4
Qc7 35. h4 Ne6 36. Nh2 Rxd1 37. Rxd1 Rd8 38. Rxd8 Qxd8 39. Qe2 a6 40. Nf3 c5
41. e5 cxb4 42. cxb4 Qd5 43. exf6 Kxf6 44. Qc2 Qc4 45. Qb2+ Ke7 46. Ne5 Qd5 47.
Qc3 Kd6 48. Nf3 g5 49. hxg5 hxg5 50. Qc8 Qc6 51. Qb8+ Qc7 52. Qg8 Qe7 53. Qh8
Qg7 54. Qb8+ Qc7 55. Qg8 Qg7 56. Qa8 Nc7 57. Qd8+ Qd7 58. Qxg5 Ne6 59. Qg6 Qg7
60. Qe8 Qa1+ 61. Kh2 Qg7 62. Qb8+ Kd5 63. Qa8+ Kc4 64. Qc6+ Kxb4 65. Qxe6 Kxa5
66. Ne5 Qh7+ 67. Kg1 Qb1+ 68. Kh2 Qh7+ 69. Qh3 Qe4 70. Qa3+ Kb6 71. Qd6+ Ka5
72. Nd3 Qh7+ 73. Kg1 f3 74. gxf3 Qh5 75. Qc7+ Ka4 76. Qf4+ Kb3 77. Qb4+ Kc2 78.
Ne1+ Kd1 79. Qb1+ Kd2 80. Qe4 a5 81. Qe3+ Kd1 82. Ng2 b4 83. Qe1+ Kc2 84. Ne3+
Kb3 85. Qd1+ Ka2 86. Qc2+ Ka1 87. Nc4 Qg5+ 88. Kf1 Qf6 89. Nxa5 Qa6+ 90. Nc4
Qa2 91. Qxa2+ Kxa2 92. Ke2 Kb3 93. Nd2+ Kc2 1-0

[Event "International Tournament "]
[Site "Paracin, Hotel "]
[Date "2017.07.12"]
[Round "7.49"]
[White "Lazic, Ljubisa"]
[Black "Chekletsov, Egor"]
[Result "1-0"]
[WhiteElo "2217"]
[BlackElo "1999"]
[PlyCount "109"]
[EventDate "2017.07.07"]

1. d4 Nf6 2. Nf3 e6 3. Bf4 c5 4. c3 d5 5. e3 Nc6 6. Nbd2 Bd6 7. Bg3 O-O 8. Bd3
Re8 9. Ne5 Qc7 10. f4 c4 11. Bc2 b5 12. a3 a5 13. O-O Bb7 14. Bh4 Ne4 15. Nxe4
dxe4 16. Bxe4 f5 17. Bxc6 Bxc6 18. Nxc6 Qxc6 19. Qf3 Qd5 20. Be1 Reb8 21. Bd2
b4 22. axb4 axb4 23. Rxa8 Rxa8 24. cxb4 Rb8 25. Ra1 Qxf3 26. gxf3 Bxb4 27. Bc1
c3 28. bxc3 Bxc3 29. Ra2 Rb1 30. Rc2 Bd2 31. Rxd2 Rxc1+ 32. Kg2 Re1 33. Rd3
Re2+ 34. Kg3 Kf7 35. d5 exd5 36. Rxd5 Rxe3 37. Rxf5+ Kg6 38. Rf8 Re1 39. f5+
Kh6 40. f6 gxf6 41. Rxf6+ Kg5 42. Rf8 Rg1+ 43. Kf2 Rh1 44. Kg2 Ra1 45. h3 Ra4
46. Kg3 Rc4 47. f4+ Kg6 48. Kg4 Ra4 49. Rd8 Ra5 50. Rd4 Rf5 51. Rd7 Ra5 52.
Rd6+ Kg7 53. Rd4 Ra1 54. Rd7+ Kg8 55. h4 1-0

[Event "International Tournament "]
[Site "Paracin, Hotel "]
[Date "2017.07.12"]
[Round "7.50"]
[White "Kucumenler, Tarkan"]
[Black "Banovic, Ivan"]
[Result "1-0"]
[WhiteElo "2004"]
[BlackElo "2208"]
[PlyCount "91"]
[EventDate "2017.07.07"]

1. d4 Nf6 2. c4 c5 3. d5 b5 4. Qc2 bxc4 5. e4 d6 6. Bxc4 g6 7. Nf3 Bg4 8. Nfd2
Bg7 9. O-O O-O 10. Nc3 Bc8 11. Rb1 Ba6 12. b3 Qa5 13. Bb2 Nfd7 14. Nd1 Bxb2 15.
Nxb2 Nb6 16. f4 N8d7 17. Nd3 Nxc4 18. bxc4 Rab8 19. Rb3 Nb6 20. e5 Qa4 21. Rc1
f5 22. Qc3 Qd7 23. Ra3 Bc8 24. e6 Qb7 25. Rb1 Qc7 26. h3 Rf6 27. Re1 Qb7 28.
Kh2 Ra8 29. Rb3 Qc7 30. Nf1 Ba6 31. Ne3 Qc8 32. g4 Bxc4 33. Nxc4 Nxd5 34. Qd2
fxg4 35. hxg4 Rxe6 36. Kg3 Nf6 37. f5 Ne4+ 38. Rxe4 Rxe4 39. Nf4 Rd4 40. Qe2
gxf5 41. Qxe7 Qe8 42. Qg5+ Kh8 43. Qf6+ Kg8 44. Rb7 Qf8 45. Qg5+ Kh8 46. Ng6+
1-0